00448 2200169 4500001002100000008004100021035002000062245003400082100002300116260004700139300001300186020001800199084001400217082000800231650002000239990001900259INLIS000000000001497 ind  a0010-0724001497 aAbu NawascNur Sutan Iskandar aNur Sutan Iskandar aJakarta :bPT Temprina Media Grafikac2011 a127 hlm. a979-407-096-3 a813 NUR a a813 aFiksi Indonesia aP29/CP/24/1497